000 00459nam a2200193Ia 4500
003 OSt
005 20250818093824.0
008 250729s2007 xx 000 0 und d
020 _a978-0071332743
040 _cAL
041 _aeng
082 _a150 PASP
100 _aSantrock w john
_9221371
245 _aAdolecence
260 _aNew Delhi
_bTata M C Graw Hill Publish
_c2007
300 _a655p
650 _aPsychology
_9221372
942 _2ddc
_cBED
999 _c234979
_d234979